Online Catalogue and eLibrary

Siddhar thathuvam (Record no. 3567)

MARC details
000 -LEADER
fixed length control field 00388nam a2200157Ia 4500
005 - DATE AND TIME OF LATEST TRANSACTION
control field 20250408020611.0
008 - FIXED-LENGTH DATA ELEMENTS--GENERAL INFORMATION
fixed length control field 240331s9999 xx 000 0 und d
082 ## - DDC Classification
Item Number - Author Mark NAR
Class No. 100
100 ## - MAIN ENTRY--PERSONAL NAME
Personal name Narayanan, K
245 #0 - TITLE STATEMENT
Title Siddhar thathuvam
250 ## - EDITION STATEMENT
Edition statement 2nd
260 ## - PUBLICATION, DISTRIBUTION, ETC.
Place of publication, distribution, etc. Puthucheri
Name of publisher, distributor, etc. Maari pathippagam
Date of publication, distribution, etc. 1990
300 ## - PHYSICAL DESCRIPTION
Extent (e.g. Volumes, Pages etc.) 236 p .,
500 ## - GENERAL NOTE
General note The Philosophy of Siddhas (Tamil)
942 ## - Koha item type (Biblio)
Koha item type Books in Stacks (Lending)
Holdings
Lost status Damaged status Collection code Home library Current library Shelving location Date acquired Full call number Accession Number Item type
    Lending WERC Library WERC Library Social Science Cupboard 03/31/2024 100 NAR 1596 Books in Stacks (Lending)

© WERC Library